书目信息 |
| 题名: |
准高级汉语口语
|
|
| 作者: | 蔡云凌 编著 | |
| 分册: | 下 | |
| 出版信息: | 北京 北京大学出版社 2005 |
|
| 页数: | 197页 | |
| 开本: | 26cm | |
| 丛书名: | 北大版新一代对外汉语教材·口语教程系列 | |
| 单 册: | ||
| 中图分类: | H195.4 | |
| 科图分类: | ||
| 主题词: | 汉语--口语--对外汉语教学--教材 , 口语 | |
| 电子资源: | ||
| ISBN: | 7-301-07973-7 | |
| 000 | 00903oam2 2200265 450 | |
| 001 | 010000004219 | |
| 005 | 20051226150731.45 | |
| 010 | @a7-301-07973-7@dCNY39.00 | |
| 100 | @a20050624d2005 ekmy0chiy0120 ea | |
| 101 | 0 | @achi |
| 102 | @aCN@b110000 | |
| 105 | @aa z 000yy | |
| 200 | 1 | @a准高级汉语口语@9zhun gao ji han yu kou yu@h下@f蔡云凌编著@Fcai yun ling bian zhu |
| 210 | @a北京@c北京大学出版社@d2005 | |
| 215 | @a197页@c图@d26cm | |
| 225 | 2 | @a北大版新一代对外汉语教材·口语教程系列 |
| 330 | @a本书分为工作、文化与保护、教育等主题,涉及现代中国社会生活的各个方面,分析课文背景,解释难点词汇,并提供了实战练习。 | |
| 461 | 0 | @12001 @a北大版新一代对外汉语教材·口语教程系列 |
| 606 | 0 | @a汉语@x口语@x对外汉语教学@j教材 |
| 606 | 0 | @a口语 |
| 690 | @aH195.4@v4 | |
| 701 | 0 | @a蔡云凌@Acai yun ling@4编著 |
| 801 | 0 | @aCN@bNLC@c20051226 |
| 905 | @a10447@dH195.4@e167:3(2) | |
| 999 | @aWJ | |
| 准高级汉语口语.下/蔡云凌编著.-北京:北京大学出版社,2005 |
| 197页:图;26cm.-(北大版新一代对外汉语教材·口语教程系列) |
| ISBN 7-301-07973-7:CNY39.00 |
| 本书分为工作、文化与保护、教育等主题,涉及现代中国社会生活的各个方面,分析课文背景,解释难点词汇,并提供了实战练习。 |
| ● |
| 相关链接 |
|
|
|
|
正题名:准高级汉语口语
索取号:H195.4/167:3(2)
 
预约/预借
| 序号 | 登录号 | 条形码 | 馆藏地/架位号 | 状态 | 备注 |
| 1 | 0372581 | 203725816 | 第二样本阅览室/ [索取号:H195.4/167:3(2)] | 在馆 |